| 000 -LEADER |
| fixed length control field |
01800cam a2200409 ib4500 |
| 001 - CONTROL NUMBER |
| control field |
769188 |
| 003 - CONTROL NUMBER IDENTIFIER |
| control field |
INLPI |
| 005 - DATE AND TIME OF LATEST TRANSACTION |
| control field |
20241128092409.0 |
| 008 - FIXED-LENGTH DATA ELEMENTS--GENERAL INFORMATION |
| fixed length control field |
171211t20212018nyua c 6 000 f eng d |
| 020 ## - INTERNATIONAL STANDARD BOOK NUMBER |
| International Standard Book Number |
9781338741070 |
| Qualifying information |
(hardback) : |
| Terms of availability |
US$12.99 |
| 020 ## - INTERNATIONAL STANDARD BOOK NUMBER |
| International Standard Book Number |
9780545935173 |
| Qualifying information |
(hardback) |
| 020 ## - INTERNATIONAL STANDARD BOOK NUMBER |
| International Standard Book Number |
0545935172 |
| Qualifying information |
(hardback) |
| 020 ## - INTERNATIONAL STANDARD BOOK NUMBER |
| International Standard Book Number |
9781338290912 |
| Qualifying information |
(library binding) |
| 020 ## - INTERNATIONAL STANDARD BOOK NUMBER |
| International Standard Book Number |
1338290916 |
| Qualifying information |
(library binding) |
| 040 ## - CATALOGING SOURCE |
| Original cataloging agency |
TOH |
| Language of cataloging |
eng |
| Transcribing agency |
NLPI |
| Modifying agency |
NLPI |
| Description conventions |
rda |
| 042 ## - AUTHENTICATION CODE |
| Authentication code |
nbic |
| 082 0# - DEWEY DECIMAL CLASSIFICATION NUMBER |
| Classification number |
741.5973 PIL |
| 100 1# - MAIN ENTRY--PERSONAL NAME |
| Personal name |
Pilkey, Dav, |
| Dates associated with a name |
1966- |
| Relator term |
author. |
| 245 10 - TITLE STATEMENT |
| Title |
Dog man : Lord of the fleas / |
| Statement of responsibility, etc. |
written and illustrated by Dav Pilkey, as George Beard and Harold Hutchins ; with color by Jose Garibaldi. |
| 264 #1 - PRODUCTION, PUBLICATION, DISTRIBUTION, MANUFACTURE, AND COPYRIGHT NOTICE |
| Place of production, publication, distribution, manufacture |
New York, New York : |
| Name of producer, publisher, distributor, manufacturer |
Graphix, an imprint of Scholastic Inc., |
| Date of production, publication, distribution, manufacture, or copyright notice |
2021. |
| 264 #4 - PRODUCTION, PUBLICATION, DISTRIBUTION, MANUFACTURE, AND COPYRIGHT NOTICE |
| Date of production, publication, distribution, manufacture, or copyright notice |
©2018. |
| 300 ## - PHYSICAL DESCRIPTION |
| Extent |
251 pages : |
| Other physical details |
color illustrations ; |
| Dimensions |
22 cm. |
| 336 ## - CONTENT TYPE |
| Content type term |
text |
| Content type code |
txt |
| Source |
rdacontent. |
| 336 ## - CONTENT TYPE |
| Content type term |
still image |
| Content type code |
sti |
| Source |
rdacontent. |
| 337 ## - MEDIA TYPE |
| Media type term |
unmediated |
| Media type code |
n |
| Source |
rdamedia. |
| 338 ## - CARRIER TYPE |
| Carrier type term |
volume |
| Carrier type code |
nc |
| Source |
rdacarrier. |
| 490 1# - SERIES STATEMENT |
| Series statement |
Dog Man ; |
| Volume/sequential designation |
5. |
| 500 ## - GENERAL NOTE |
| General note |
"Tree-house comix proudly presents."--Title page. |
| 520 8# - SUMMARY, ETC. |
| Summary, etc. |
When a new bunch of baddies bust up the town, Dog Man is called into action -- and this time he isn't alone. With a cute kitten and a remarkable robot by his side, our heroes must save the day by joining forces with an unlikely ally : Petey, the World's Most Evil Cat. But can the villainous Petey avoid vengeance and venture into virtue? |
| 600 00 - SUBJECT ADDED ENTRY--PERSONAL NAME |
| Personal name |
Dog Man (Fictitious character) |
| Form subdivision |
Comic books, strips, etc. |
| 650 #0 - SUBJECT ADDED ENTRY--TOPICAL TERM |
| Topical term or geographic name entry element |
Dogs |
| Form subdivision |
Comic books, strips, etc. |
| 650 #0 - SUBJECT ADDED ENTRY--TOPICAL TERM |
| Topical term or geographic name entry element |
Cats |
| Form subdivision |
Comic books, strips, etc. |
| 650 #0 - SUBJECT ADDED ENTRY--TOPICAL TERM |
| Topical term or geographic name entry element |
Police |
| Form subdivision |
Comic books, strips, etc. |
| 700 1# - ADDED ENTRY--PERSONAL NAME |
| Personal name |
Garibaldi, Jose, |
| Relator term |
colorist. |
| 800 1# - SERIES ADDED ENTRY--PERSONAL NAME |
| Personal name |
Dog Man ; |
| Volume/sequential designation |
5. |
| 942 ## - ADDED ENTRY ELEMENTS (KOHA) |
| Source of classification or shelving scheme |
|
| Koha item type |
Books - Non Ficton |